000 00279nam a2200121Ia 4500
008 190216s9999||||xx |||||||||||||| ||und||
100 _aEric Partridge
245 0 _aUsage And Abusage
260 _bPenguin Books
_c1969
300 _a377p
650 _aEnglish Story
942 _cBK
999 _c12331
_d12331